000 01537nam1a2200313 i 4500
001 RU\NLR\bibl\854435
005 20240920202059.0
035 _a(NLR Aleph) 000843163
090 _a1433276
_c1433276
100 _a20051017d2003 u y0rusy50 ca
101 0 _arus
102 _aRU
105 _a||||j |||||
200 1 _aФизика
_e8 класс
_eпоурочные планы по учебнику А.В. Перышкина "Физика. 8 класс"
_fИ.И. Мокрова
210 _aВолгоград
_cУчитель-АСТ
_d2003
215 _d20
225 1 _aПоурочные планы
300 _aНа обл. авт. не указан
463 0 _1001850063
463 0 _1001850418
604 _1700#1$3RU\NLR\auth\773653$aПерышкин$bА. В.$f1902-1983$gАлександр Васильевич$4070
_150010$aФизика: 8 класс: учебник для общеобразовательных учреждений$2psbo
_aПерышкин, Александр Васильевич (1902-1983)
_tФизика: 8 класс: учебник для общеобразовательных учреждений
_9113646
_3RU\NLR\auth\773653
606 1 _aФизика
_xУроки
_xПланы
_xСредняя школа
_92262817
_3RU\NLR\auth\661356646
686 _aЧ426.51-260.21
700 1 _aМокрова
_bИ. И.
_gИрина Иннокентьевна
_4070
801 0 _aRU
_bNLR
_c20051017
_grcr
801 1 _aRU
_bNLR
_c20051017
852 _aNLR
_j2005-3/26737
942 _cBOOK